000 00567nam a22001817a 4500
005 20240724163345.0
010 _aENG-140961
020 _c740.00
_a9789355018502
035 _aEN-124493
037 _bDBAD/PUB
082 _a510
100 _aVerma Sanjeev
_968846
245 _aCOMPLETE FOUNDATION GUIDE
_bFOR IIT-JEE MATHEMATICS /
_cSANJEEV VERMA
260 _aUttar Pradesh
_bEURASIA PUBLISING HOUSE
_c2019
270 _bUttar Pradesh
_aD-92, Sector 2, Noida,Uttar Pradesh
_e201301
300 _a466vpp.
_c27(pb)
942 _2ddc
_cEN
_h510
_mrma
999 _c204411
_d204411